Country Flags in B - Statistics

General Stats
  • This quiz has been taken 27 times
  • The average score is 14 of 16
Answer Stats
Picture Answer % Correct
Bangladesh
100%
Belarus
100%
Belgium
100%
Bosnia and Herzegovina
96%
Brazil
96%
Bulgaria
92%
Bahamas
88%
Bahrain
88%
Barbados
88%
Benin
83%
Belize
79%
Bolivia
79%
Botswana
75%
Brunei
75%
Burkina Faso
75%
Burundi
67%
No matching quizzes found
Score Distribution
Percent of People with Each Score
Percentile by Number Answered
Your Score History
You have not taken this quiz